Sports Quiz

Random Sports Quiz

Werder Bremen Bundesliga players Quiz Stats

 Plays Quiz not verified by Sporcle

Support Sporcle.
Go Orange.
Score 0/150 Timer 20:00
0 Plays Today
Spieler % Correct
Torsten Frings
91.3%
Tim Wiese
88.8%
Ailton
88.3%
Claudio Pizarro
88.1%
Marco Bode
85.6%
Thomas Schaaf
85.4%
Tim Borowski
84.4%
Diego
84.4%
Per Mertesacker
83.8%
Naldo
83.3%
Miroslav Klose
82.4%
Clemens Fritz
81.9%
Johan Micoud
81.9%
Andreas Herzog
79.4%
Klaus Allofs
79.2%
Ivan Klasnic
78.3%
Oliver Reck
77.8%
Frank Baumann
77.3%
Dieter Eilts
76.7%
Wynton Rufer
75.5%
Aaron Hunt
74.4%
Mesut Özil
74.4%
Rudi Völler
74.1%
Markus Rosenberg
72.1%
Frank Rost
71.4%
Dieter Burdenski
70.3%
Mirko Votava
69.8%
Andreas Reinke
69.6%
Marko Marin
69.6%
Hugo Almeida
69.3%
Rune Bratseth
68.6%
Petri Pasanen
68.6%
Christian Schulz
68.4%
Michael Schulz
68.2%
Valerien Ismael
68%
Hans Schulz
68%
Fabian Ernst
66.6%
Paul Stalteri
65.2%
Daniel Jensen
64.1%
Nelson Valdez
64.1%
Frank Neubarth
63.4%
Victor Skripnik
63.2%
Mario Basler
63.2%
Ulrich Borowka
62.5%
Philipp Bargfrede
62.5%
Norbert Meier
62.2%
Horst-Dieter Höttges
60%
Karl-Heinz Riedle
59.3%
Sebastian Prödl
59%
Mladen Krstajic
57.7%
Spieler % Correct
Ümit Davala
57.7%
Angelos Charisteas
57%
Manfred Burgsmüller
55.1%
Thomas Wolter
54.2%
Krisztian Lisztes
52.9%
Jurica Vranjes
51.9%
Sebastian Boenisch
51.7%
Boubacar Sanogo
51.3%
Thorsten Legat
50.3%
Andree Wiedener
50.1%
Günther Hermann
49.9%
Bernd Hobsch
49.9%
Frank Fahrenhorst
49.9%
Frank Verlaat
49.7%
Harvard Flo
49.4%
Pascal Borel
49.4%
Arnold Schütz
48.5%
Bruno Labbadia
48.3%
Johnny Otten
48.1%
Dietmar Beiersdorfer
47.4%
Ludovic Magnin
47.4%
Gunnar Sauer
46.7%
Karl-Heinz Kamp
46%
Patrick Owomoyela
45.5%
Rudi Assauer
45.3%
Hany Ramzy
45.1%
Jurij Maximov
44.9%
Rade Bogdanovic
44.9%
Benno Möhlmann
44.2%
Uwe Reinders
44.2%
Bernd Schmidt
43.5%
Bernhard Trares
43.5%
Frank Ordenewitz
43.2%
Michael Kutzop
42.8%
Bruno Pezzey
42.8%
Jens Todt
42.3%
Werner Görts
41.9%
Max Lorenz
41.9%
Klaus Fichtel
41.9%
Raphael Wicky
41.9%
Bernd Lorenz
41.9%
Wolfgang Sidka
41.4%
Razundara Tjikuzu
41.4%
Herbert Meyer
40.5%
Klaus Matischak
40.3%
Junior Baiano
40.3%
Günter Bernard
39.8%
Josef Piontek
39.8%
Markus Daun
39.8%
Yasuhiko Okudera
39.6%
Spieler % Correct
Rodolfo Esteban Cardoso
39.6%
Manfred Bockenfeld
38.7%
Uwe Harttgen
38.4%
Heimo Pfeifenberger
38.2%
Christian Brand
38%
Hans-Jürgen Röber
37.1%
Heiko Scholz
37.1%
Rigobert Gruber
35.7%
Mike Barten
35.5%
Werner Weist
35.2%
Uwe Bracht
35%
Christoph Dabrowski
35%
Ivica Banovic
34.8%
Norbert Siegmann
34.6%
Ole Björnmose
34.3%
Erwin Kostedde
34.1%
Peter Niemeyer
34.1%
Per Röntved
33.6%
Leon Andreasen
33.4%
Stefan Kohn
32.7%
Dirk Flock
32.7%
Wladimir Bestschastnych
32.5%
Diethelm Ferner
32%
Dieter Zembski
31.6%
Heinz Steinmann
31.4%
Arie van Lent
31.4%
Dieter Frey
30.4%
John Danielsen
30.2%
Herbert Laumen
30.2%
Bernd Rupp
30%
Pasi Rautiainen
30%
Hartmut Konschal
29.7%
Karl-Heinz Geils
29.7%
Werner Dressel
29.7%
Gerhard Zebrowski
29.3%
Willi Soya
28.8%
Egon Coordes
27.7%
Franz Hiller
27.5%
Peter Dietrich
27%
Helmut Schimeczek
26.8%
Klaus Hänel
26.8%
Klaus Wunder
26.8%
Helmut Jagielski
26.5%
Willi Neuberger
26.3%
Hans-Jürgen Offermanns
26.3%
Volker Ohling
25.6%
Theo Klöckner
25.4%
Mario Kontny
24.9%
Karlheinz Meininger
24.3%
Heinz-Dieter Hasebrink
20.6%

You're not logged in!

Compare scores with friends on all Sporcle quizzes.
OR
Log In

From the Vault

Replace the 'B' A-Z

by Chenchilla

We do love quizzes, but that's Bee-side the point.
Remove Ads.
Support Sporcle.
Get the best of Sporcle when you Go Orange. This ad-free experience offers more features, more stats, and more fun while also helping to support Sporcle. Thank you for becoming a member.

Show Comments

Extras

Created Feb 18, 2011ReportNominate
Tags:bremen, bundesliga, Player, Spieler, Werder

Top Quizzes Today


Score Distribution

Your Account Isn't Verified!

In order to create a playlist on Sporcle, you need to verify the email address you used during registration. Go to your Sporcle Settings to finish the process.

Report this User

Report this user for behavior that violates our Community Guidelines.

Details: